=LDR 00000nam 2200000 4500 =001 INLIS000000000015371 =005 20130612110642 =008 ***********************************Ind** =035 ##$$0010-061300000015371 =041 ##$$a Ind =082 ##$$a 657.0076 =090 ##$$a 621.371, FIN-a =100 ##$$a Wahyuni Melty Sri =245 ##$$a 2000 Bank Soal SMA Akuntansi, Persiapan Ebtanas, Mekty Sri Wahyuni, Hadi Triyono =260 ##$$a 1996 $b Bandung =300 ##$$a 210 hlm, 30 cm =650 ##$$a Akuntansi Soal-soal dan Evaluasi =850 ##$$a NBPNMAT